Quizzes
Events
Quiz Creation
Community
Videos
Private Events
Remove Ads
Sign In
Join for FREE
Feedback
Dark Mode
Quiz Categories
Sports
Geography
Music
Movies
Television
Just For Fun
Miscellaneous
History
Literature
Language
Science
Gaming
Entertainment
Religion
Holiday
For Kids
Quiz Lab
Recent
Popular Today
Quiz Kudos Today
Editor Picks
Curator Picks
Quizzes by...
Day
Popularity
Type
Ratings
Length
Year
Community
Subscriptions
Recent Discussions
Orange Saloon
Badges
Playlists
Quests
Create
Leaderboards
Showdown
Live 5
Trivia Bingo
Activity
Puzzle Library
Sporcle Events
Private Events
Virtual Trivia
Globe League
Become a Host
Pub Owners
SporcleCon
Opinionation
Our Games
Videos
Blog
Mobile Apps
Partnerships
Remove Ads and Go Orange
Feedback
Sports
Athletes
MLB
NBA
NHL
NFL
Soccer
Sports Teams
WWE
NCAA
Football
Premier League
Basketball
Baseball
Hockey
Golf
Tennis
Cricket
Rugby
Auto Racing
Olympics
World Cup
Sports
Athletes
MLB
NBA
NHL
NFL
Soccer
Sports Teams
WWE
NCAA
Football
Premier League
Basketball
Baseball
Hockey
Golf
Tennis
Cricket
Rugby
Auto Racing
Olympics
World Cup
Random Quiz
Search Sporcle
×
Quiz Lab
Quiz Lab
Sports
NFL
Type in answers that appear in a list
Type in answers that appear in a list
Classic
Best Score? Go Orange.
NFL Most Forced Fumbles Per Team (Since 2000) Stats
Can you name the players with the most forced fumbles per team since the 2000 season?
By
steelnation86
12m
108 Questions
946 Plays
946 Plays
946 Plays
Comments
Comments
Give Quiz Kudos
Give Quiz Kudos
-
- Ratings
hide this ad
More Info
Replay
Link that replays current quiz
Next Quiz
Link to next quiz in quiz playlist
You Got
0%
They Got
Avg Score
36%
Avg Friend Score
Upgrade to see
Score Distribution
Jump to the score distribution portion of the page
Score
0/108
Timer
12:00
0
Plays Today
Player
% Correct
Ray Lewis
90.5%
Chandler Jones
88.2%
Will Smith
84.6%
D.J. Williams
83.9%
Mario Williams
83.9%
Daryl Smith
82.4%
Justin Smith
82.4%
T.J. Watt
82.4%
Aaron Donald
80.6%
Jason Taylor
80.3%
J.J. Watt
80.1%
Derrick Johnson
78.8%
Julius Peppers
78.6%
James Harrison
75.7%
Dwight Freeney
75.6%
Michael Strahan
74%
DeMarcus Ware
73.9%
Von Miller
73.8%
Terrell Suggs
72.7%
Charles Johnson
72%
Earl Thomas
71.6%
Jared Allen
69.9%
Robert Mathis
67.7%
Clay Matthews
66.8%
Zach Thomas
63.7%
Justin Tuck
63.6%
Adalius Thomas
63.5%
John Abraham
60.7%
John Abraham
60.7%
Myles Garrett
60.4%
Patrick Willis
60.3%
Justin Houston
58.6%
Thomas Davis
58.1%
DeMarcus Lawrence
57.5%
Derrick Brooks
56.2%
Geno Atkins
53.8%
Player
% Correct
Alex Brown
53.8%
Charles Woodson
52.2%
Charles Woodson
52.2%
Shawne Merriman
50.8%
Robert Quinn
50.8%
Cameron Wake
50.4%
Adrian Wilson
50.3%
Osi Umenyiora
50.1%
Ahmad Brooks
49.6%
Brian Dawkins
47.1%
Ryan Kerrigan
46.1%
Elvis Dumervil
42.2%
Tamba Hali
42%
Joey Porter
41.5%
Vic Beasley
41.2%
Simeon Rice
39.7%
Mike Vrabel
39.4%
Jevon Kearse
39.2%
Carlos Dunlap
39.1%
Lavonte David
36.4%
London Fletcher
36.3%
Melvin Ingram
36%
Jared Allen
35.9%
Charles Tillman
35.6%
Trent Cole
34.5%
Shaun Ellis
34.4%
Greg Ellis
34.3%
Cliff Avril
33.6%
E.J. Henderson
33.5%
Ziggy Ansah
33.3%
Leonard Little
32.7%
Brandon Graham
32.3%
Kyle Vanden Bosch
31.6%
James Hall
30.2%
Cliff Avril
28%
Akin Ayodele
27.9%
Player
% Correct
Shaun Phillips
27.8%
Whitney Mercilus
27.1%
John Henderson
26.6%
Jamie Collins
25.3%
Rob Ninkovich
24.6%
Aaron Schobel
24.4%
Karlos Dansby
23.5%
Yannick Ngakoue
23.2%
K.J. Wright
20.1%
Kabeer Gbaja-Biamila
20%
Jerry Hughes
19.9%
Lance Briggs
19.2%
Keith Bulluck
17.5%
Bruce Irvin
16.7%
Charles Grant
15.4%
William Moore
15.1%
Roman Harper
15%
Nate Clements
14.9%
Calvin Pace
14.8%
Dre' Bly
14.5%
Marcus Washington
14.4%
Cedric Griffin
14.1%
Yeremiah Bell
13.3%
Jabaal Sheard
9.8%
Joe Schobert
9.4%
Tommy Kelly
8.3%
Brian Simmons
8%
Raheem Brock
7.5%
Tony Brackens
7.4%
Stephen Cooper
6.6%
Marcellus Wiley
4.7%
Brian Robison
3.7%
Paul Spicer
2.3%
Bobby McCray
2%
Daylon McCutcheon
0.8%
John Engelberger
0.7%
Quiz Playlist
Details
Report
Send in Message
Add To Playlist
More Info:
Updated through 2020 season
Classic:
Type in answers that appear in a list
Quiz Source
Last Updated: Dec 8, 2021
Quiz Scoreboard
CHALLENGE
Sign Up to Join the Scoreboard
Show All
Scores
Hide
Comments
May contain spoilers
Recently Published
An Introduction to Baseball
by treessimontrees
Sports
5m
Movies - When Are They Set?
by FPL_Elf
Movies
5m
Popular People in 1961
by mucciniale
History
6m
More to Explore
Quiz From the Vault
Featured Blog Post
Where Did the Easter Bunny Come From?
hide this ad
You Might Also Like...
Tags
Football Quiz
NFL Quiz
2000s
Forced
fumble
Fumble Leaders
Per Team
Today's Top Quizzes in Sports
Browse Sports
hide this ad
Today's Top Quizzes in NFL
Browse NFL
Top Contributed Quizzes in Sports
1
Les meilleurs buteurs des matchs entre le PSG et l’OM
2
2022 World Cup Stars
3
FIFA Club World Cup Champions
4
Les entraîneurs de l'OM et du PSG au 21e siècle
5
Name the Premier League winners with different clubs
6
La finale Lions - Afrique du Sud 2021
7
Les joueurs passés par le LOSC et le RC Lens
8
Criteria MLB: Left Handed Sluggers
9
Players with Multiple 50 Home Run Seasons
10
5-to-1: UK Sports Teams
Explore More
Trending Topics
NBA
Marvel
Disney
Anime
Harry Potter
Kpop
Crossword
NFL
Pokémon
The Office
Country
Soccer
Puzzle
Song
WWE
hide this ad
More By:
steelnation86
Quiz
Plays
Rating
Category
Featured
Created
Twice-Elected Presidents Minefield
313,784
4.24
History
Apr 6, 2012
NFL Super Bowl Winner or Not?
105,607
4.40
Sports
Dec 10, 2011
MLB All-Time Starting Nines By HR
104,039
4.58
Sports
Jul 25, 2012
NFL Top 100 Receivers (2011)
71,581
4.46
Sports
Jan 1, 2012
Most NFL Games with a Pass & Rush TD
64,718
4.58
Sports
Dec 15, 2013
Go to Creator's Profile
Score Distribution
Quiz Creator Spotlight
steelnation86
Follow
Send a Message
Quizzes Created
-
Created Quiz Play Count
-
More By This Creator
Popular Quizzes Today
1
Find the Countries of Europe - No Outlines Minefield
2
Find the US States - No Outlines Minefield
3
The Countries of the World
4
Popular People in 1961
5
US States
6
Find the US States
7
1-10 Letter E Words III
8
Risky Map Clicking: Biggest States A-Z
More Sports Quizzes
Athletes Hall of Fame: 'J'
Curator's Pick
Trending Quizzes
Risky Map Clicking: Least Populous States A-Z
1-10 Letter F Words
1-10 Letter G Words
One Thing in Common: United Kingdom
Risky Map Clicking: Next State Alphabetically
Recently Updated
Leaping Animals
pecheneg
Reality TV Shows (A-Z)
bhenderson79
Rickey Henderson's Hall of Fame Teammates
pecheneg
Champions League XIs: Arsenal
pecheneg
Quick Pick: Celebrities in WWE's Hall of Fame
aduchscher
A-Z Keypad Blitz II
pecheneg
Multiple Oscar Actors
pecheneg
Mystery Phrase Blitz: Oscar 'Best Actors'
pecheneg
F. Scott Fitzgerald Novels
LTH
Pick 3 Villains
ddd62291
Trending Topics
Harry Potter
Disney
NBA
Marvel
Kpop
Anime
Crossword
Country
Soccer
NFL
Puzzle
Pokémon
Song
WWE
The Office
Your Account Isn't Verified!
In order to create a playlist on Sporcle, you need to verify the email address you used during registration. Go to your
Sporcle Settings
to finish the process.
Report this User
Report this user for behavior that violates our
Community Guidelines
.
Details:
Send Report
Go to the Sporcle.com Mobile Site →
Comments